| 000 | 00623nam a2200217 a 4500 | ||
|---|---|---|---|
| 999 |
_c3810 _d3810 |
||
| 001 | 3810 | ||
| 003 | BD-JhCC | ||
| 005 | 20171119103630.0 | ||
| 008 | 171116s2003 bg |||| |||| 000 0 ben d | ||
| 020 | _a9844103436 | ||
| 035 | _a(BD-JhCC) | ||
| 040 |
_aBD-JhCC _dBD-JhCC |
||
| 041 | _aben | ||
| 082 |
_a891.4435 _bAZA 2003 |
||
| 100 | _aআজাদ, শামীম | ||
| 245 |
_aবিলেতের কথা / _cশামীম আজাদ |
||
| 260 |
_aঢাকা : _bমাওলা ব্রাদার্স, _c২০০৩ |
||
| 300 |
_a80 p.; _c22 cm. |
||
| 650 | _aBengali short stories | ||
| 942 |
_2ddc _cBK |
||